Francuskie słówka nazywające produkty spożywcze - Statystyki

Ogólne statystyki
  • Ten quiz został rozwiązany 28 razy
  • Średni wynik to 30 z 55
Statystyki odpowiedzi
Polski Francuski % Poprawnych
wino vin
100%
banan banane
88%
kawa café
88%
woda eau
88%
ryba poisson
88%
jabłko pomme
88%
ser fromage
75%
lody glace
75%
mleko lait
75%
pomarańcza orange
75%
sól sel
75%
mięso viande
75%
alkochol alcool
63%
masło beurre
63%
marchewka carotte
63%
cytryna citron
63%
truskawka fraise
63%
frytki frites
63%
szynka jambon
63%
warzywa légumes
63%
herbata thé
63%
napoje boissons
50%
czekolada chocolat
50%
śmietana crème
50%
malina framboise
50%
owoce fruits
50%
ciasto gâteau
50%
sok jus
50%
keczup ketchup
50%
makaronik macaron
50%
musztarda moutarde
50%
pieprz poivre
50%
sałata salade
50%
kiełbaska saucisse
50%
pomidor tomate
50%
wanilia vanille
50%
piwo biére
38%
cynamon cannelle
38%
płatki śniadaniowe céréales
38%
ogórek concombre
38%
kasza gruau
38%
arbuz pastèque
38%
makaron pâtes
38%
brzoskwinia pêche
38%
pietruszka persil
38%
gruszka poire
38%
winogrona raisin
38%
ryż riz
38%
pieczeń rôti
38%
kanapki sandwitch
38%
jogurt yaourt
38%
majonez mayonnaise
25%
omlet omlette
25%
papryka poivron
25%
śliwka prane
25%
Nie znaleziono quizów pasujących do podanych kryteriów
Rozkład punktacji
Procent ludzi z każdym wynikiem
Percentyl według liczby udzielonych odpowiedzi
Twoja historia wyników
Nie rozwiązałeś tego quizu